Statistics for Famous Jedis/Sith Lords in Star Wars

Click here to take the quiz!

General Stats

  • This quiz has been taken 12,807 times
    (12,799 since last reset)
  • The average score is 11 of 12

Answer Stats

HintJedi/Sith% Correct
Episodes 1-3 & 5-6. Trains Luke Skywalker on planet Dagobah.Yoda
99%
Episodes 4-6. Loses his hand/lightsaber on Cloud City.Luke Skywalker
98%
Episodes 2 & 3. Wields a purple lightsaber.Mace Windu
97%
Episode 1. Obi-wan Kenobi's Jedi Master.Qui-Gon Gin
97%
Episode 1. Mysterious Sith Lord with a double edged lightsaber.Darth Maul
96%
Episodes 4-6. Saves his son from Emperor Palpatine.Darth Vader
96%
Episodes 1-4. Anakin's Jedi Master.Obi-wan Kenobi
96%
Episodes 1-3. Discovers his destiny to be a fierce Jedi.Anakin Skywalker
91%
All Episodes. Undercover chancellor for the Jedi order.Darth Sidious
90%
Episodes 2 & 3. Wields a bent hilt lightsaber for the Sith.Darth Tyranus
89%
Episodes 1-3. Member of the Jedi Council who was killed by clones in Order 66. Orange colored skin with an abnormally large forehead.Ki-Adi-Mundi
67%
Episode 3. Member of the Jedi Council with a blue colored lightsaber and a striped blue and white face.Shaak Ti
40%

Score Distribution

Percentile by Number Answered

Percent of People with Each Score

Your Score History

You have not taken this quiz since the last reset